Logo CIB grande

PROBABILIDAD Y ESTADISTICA PARA INGENIEROS (Registro nro. 194783)

Detalles MARC
000 -LEADER
campo de control de longitud fija 00755nam a2200289Ia 4500
005 - FECHA Y HORA DE LA ÚLTIMA TRANSACCIÓN
campo de control 20250425160722.0
008 - DATOS DE LONGITUD FIJA--INFORMACIÓN GENERAL
campo de control de longitud fija 250425s9999 xx 000 0 und d
020 ## - NÚMERO INTERNACIONAL ESTÁNDAR DEL LIBRO
Número Internacional Estándar del Libro 9688802352
041 ## - CÓDIGO DE IDIOMA
Código de lengua del texto/banda sonora o título independiente spa
043 ## - CÓDIGO DE ÁREA GEOGRÁFICA
Código de área geográfica mx
082 ## - NÚMERO DE LA CLASIFICACIÓN DECIMAL DEWEY
Número de clasificación 519
010 ## - NÚMERO DE CONTROL DE LA BIBLIOTECA DEL CONGRESO
Número de control de LC 3415
100 ## - ENTRADA PRINCIPAL--NOMBRE DE PERSONA
Nombre de persona MILLER, IRWIN
245 #0 - MENCIÓN DEL TÍTULO
Título PROBABILIDAD Y ESTADISTICA PARA INGENIEROS
250 ## - MENCION DE EDICION
Mención de edición 4A ED.
260 ## - PUBLICACIÓN, DISTRIBUCIÓN, ETC.
Lugar de publicación, distribución, etc. MEXICO
260 ## - PUBLICACIÓN, DISTRIBUCIÓN, ETC.
Lugar de publicación, distribución, etc. México
Nombre del editor, distribuidor, etc. PRENTICE-HALL
Fecha de publicación, distribución, etc. 1992
300 ## - DESCRIPCIÓN FÍSICA
Extensión 624
500 ## - NOTA GENERAL
Nota general Título Traducido: PROBABILITY AND STATISTICS FOR ENGINEERS
650 ## - PUNTO DE ACCESO ADICIONAL DE MATERIA--TÉRMINO DE MATERIA
Término de materia o nombre geográfico como elemento de entrada ANALISIS DE VARIANCIA
650 ## - PUNTO DE ACCESO ADICIONAL DE MATERIA--TÉRMINO DE MATERIA
Término de materia o nombre geográfico como elemento de entrada ESTADISTICAS
650 ## - PUNTO DE ACCESO ADICIONAL DE MATERIA--TÉRMINO DE MATERIA
Término de materia o nombre geográfico como elemento de entrada PROBABILIDAD
700 ## - ENTRADA AGREGADA--NOMBRE PERSONAL
Nombre de persona FREUND, JOHN E.
700 ## - ENTRADA AGREGADA--NOMBRE PERSONAL
Nombre de persona JOHNSON, RICHARD A.
700 ## - ENTRADA AGREGADA--NOMBRE PERSONAL
Nombre de persona VIRGILIO GONZALEZ POZO
Término indicativo de función/relación traductor
942 ## - ELEMENTOS DE ENTRADA SECUNDARIOS (KOHA)
Tipo de ítem Koha Libros
Existencias
Estatus retirado Estado de pérdida Estado de daño No para préstamo Biblioteca de origen Biblioteca actual Ubicación en estantería Fecha de adquisición Coste, precio normal de compra Etiqueta RFID Total de préstamos Código de barras Visto por última vez Fecha del último préstamo Copia número Tipo de ítem Koha Total de renovaciones
        CENTRO DE INFORMACIÓN BIBLIOTECARIA CENTRO DE INFORMACIÓN BIBLIOTECARIA   02/09/2004 1.00 0000000000000000008802 3 26096 03/07/2025 03/07/2025 3 Libros  
        CENTRO DE INFORMACIÓN BIBLIOTECARIA CENTRO DE INFORMACIÓN BIBLIOTECARIA   20/09/2004 1.00 0000000000000000008801 1 26100 07/07/2025 23/06/2025 7 Libros 1

Copyright 2025 ESPOL. Todos los derechos reservados.